History of Mankind Culture and Scientific Development. (Record no. 2781)

MARC details
000 -LEADER
fixed length control field 00400nam a22001217a 4500
005 - DATE AND TIME OF LATEST TRANSACTION
control field 20200924103756.0
008 - FIXED-LENGTH DATA ELEMENTS--GENERAL INFORMATION
fixed length control field 200924b ||||| |||| 00| 0 eng d
020 ## - INTERNATIONAL STANDARD BOOK NUMBER
International Standard Book Number 124476
040 ## - CATALOGING SOURCE
Transcribing agency CML
245 ## - TITLE STATEMENT
Title History of Mankind Culture and Scientific Development.
Statement of responsibility, etc. Ware, C.F.
260 ## - PUBLICATION, DISTRIBUTION, ETC.
Place of publication, distribution, etc. London
Name of publisher, distributor, etc. George Allen and Unwin Limited
Date of publication, distribution, etc. 1966
942 ## - ADDED ENTRY ELEMENTS (KOHA)
Source of classification or shelving scheme Dewey Decimal Classification
Koha item type Books
Edition Volume VI
Classification part 909.82
Call number prefix GEN/REF
Call number suffix WAR
Holdings
Withdrawn status Lost status Source of classification or shelving scheme Damaged status Not for loan Collection code Home library Current library Shelving location Date acquired Total Checkouts Full call number Date last seen Copy number Price effective from Koha item type
    Dewey Decimal Classification     Geography & History Chalimbana Main Library Chalimbana Main Library Geography & History 09/24/2020   GEN/REF 909.82 WAR 09/24/2020 1 09/24/2020 Books

Powered by Koha